The Killian Pretty review (Record no. 108422)

MARC details
000 -LEADER
fixed length control field 02389cad a22003375a 4500
001 - CONTROL NUMBER
control field L144243
008 - FIXED-LENGTH DATA ELEMENTS--GENERAL INFORMATION
fixed length control field 080707e20080627xxkd f s f000 0 eng d
020 ## - INTERNATIONAL STANDARD BOOK NUMBER
International Standard Book Number 9781409802105
035 ## - SYSTEM CONTROL NUMBER
System control number (Sirsi) u144243
041 0# - LANGUAGE CODE
Language code of text/sound track or separate title eng
050 04 - LIBRARY OF CONGRESS CALL NUMBER
Classification number 711.1 $2 18
100 1# - MAIN ENTRY--PERSONAL NAME
Personal name Killian, Joanna
245 04 - TITLE STATEMENT
Title The Killian Pretty review
Remainder of title planning applications - a faster and more responsive system - call for solutions
Medium [electronic resource]
260 ## - PUBLICATION, DISTRIBUTION, ETC.
Date of publication, distribution, etc. 2008
505 2# - FORMATTED CONTENTS NOTE
Formatted contents note How to respond to our call for solutions -- Executive summary -- Setting the scene: the context in which the review takes place and overview of the issues -- Proportionality: matching resources/skills to planning application demand -- Unnecessary complexity in the policy and planning application system -- The drivers/shapers of culture within local planning authorities -- Ensuring effective and efficient engagement with all affected by and interested in the application -- The implications of these systemic issues for the planning application process
520 ## - SUMMARY, ETC.
Summary, etc. Call for responses from the authors of the forthcoming Killian Pretty review. The review will carry out a detailed review of the process for seeking planning permission. It will look at case studies for a range of different sectors including, housing, business and the renewables industry. Aims to identify reasons for delay in deciding planning applications, and make recommendations for dealing with these and reducing unnecessary burdens for all parties involved in the process. The review has been jointly commissioned by Communities and Local Government and Business, Enterprise and Regulatory Reform Departments.
521 ## - TARGET AUDIENCE NOTE
Target audience note Advanced
590 ## - LOCAL NOTE (RLIN)
Local note KA
650 24 - SUBJECT ADDED ENTRY--TOPICAL TERM
Topical term or geographic name entry element BARKER REVIEW OF LAND USE PLANNING
650 24 - SUBJECT ADDED ENTRY--TOPICAL TERM
Topical term or geographic name entry element PLANNING AND COMPULSORY PURCHASE ACT 2004
650 24 - SUBJECT ADDED ENTRY--TOPICAL TERM
Topical term or geographic name entry element TOWN AND COUNTRY PLANNING ACT 1990
650 24 - SUBJECT ADDED ENTRY--TOPICAL TERM
Topical term or geographic name entry element LOCAL DEVELOPMENT FRAMEWORKS
650 24 - SUBJECT ADDED ENTRY--TOPICAL TERM
Topical term or geographic name entry element PLANNING POLICY STATEMENT 1 (DELIVERING SUSTAINABLE DEVELOPMENT)
650 24 - SUBJECT ADDED ENTRY--TOPICAL TERM
Topical term or geographic name entry element PLANNING POLICY STATEMENT 12
650 24 - SUBJECT ADDED ENTRY--TOPICAL TERM
Topical term or geographic name entry element NOLAN REPORT
651 #4 - SUBJECT ADDED ENTRY--GEOGRAPHIC NAME
Geographic name England and Wales
Chronological subdivision 1543-
690 ## - LOCAL SUBJECT ADDED ENTRY--TOPICAL TERM (OCLC, RLIN)
Topical term or geographic name as entry element ENVIRONMENTAL AND LAND CONSULTANCY-PLANNING AND DEVELOPMENT-DEVELOPMENT CONTROL
700 1# - ADDED ENTRY--PERSONAL NAME
Personal name Pretty, David
856 48 - ELECTRONIC LOCATION AND ACCESS
Uniform Resource Identifier <a href="https://www.planningportal.gov.uk/uploads/kpr/kpr_exec-summary.pdf">https://www.planningportal.gov.uk/uploads/kpr/kpr_exec-summary.pdf</a>
Public note View the item free of charge at www.planningportal.gov.uk/england...
942 ## - ADDED ENTRY ELEMENTS (KOHA)
Suppress in OPAC 0
Holdings
Withdrawn status Lost status Source of classification or shelving scheme Damaged status Not for loan Home library Current library Shelving location Date acquired Total Checkouts Full call number Barcode Date last seen Copy number Price effective from Koha item type
    Dewey Decimal Classification     Virtual Virtual Online 07/07/2008   ONLINE PUBLICATION 144243-1001 06/08/2019 1 06/08/2019 Book